000 00866nam a22002537a 4500
003 UA-OsUOA
001 30871
007 ta
008 20041116b un ||||| |||| 00| 0 ukr d
100 _aСтеповик Дмитро
090 _a27(477)
_bС79
942 _cBK
040 _aUA-OsUOA
_bukr
_cUA-OsUOA
_dUA-OsUOA
245 _aІсторія Києво-Печерської Лаври
_bНауково-богословське видання
_cД. В. Степовик; Ред. Д. РудюкРед. Д.Рудюк, єпископ
300 _a560 с.
_bІлюстрації
955 _a2
041 _aukr
080 _a27(477)
020 _a966-7567-08-7
260 _aКиїв
_bВид. відділ УПЦКП
_c2001
044 _aUA
650 7 _a27 Загальна історія Християнської церкви
_2UDC
999 _c317286
_d317286